Enterprise for the Americas Initiative, S. 3064 : hearing before the Committee on Foreign Relations, United States Senate, One Hundred First Congress, second session, September 27, 1990.

Bibliographic Details
Corporate Authors: United States. Congress. Senate. Committee on Foreign Relations, ProQuest (Firm)
Format: Government Document eBook
Language:English
Published: Washington : U.S. G.P.O., 1991.
Series:U.S. Congressional Hearings.
Subjects:
Online Access:Connect to the full text of this electronic book

MARC

Tag First Indicator Second Indicator Subfields
LEADER 00000cam a22000001a 4500
001 in00003290549
006 m d f
007 cr bn mmmapmmp
008 091022s1991 dcu o f000 0 eng d
005 20260511204932.3
035 |a cis2007459314 
040 |a UMI  |c UMI  |d UtOrBLW 
043 |a n-us--- 
074 |a 1039-A, 1039-B (MF) 
086 0 |a Y 4.F 76/2:S.hrg.101-1123 
099 |a HRG-1990-FOR-0020 
110 1 |a United States.  |b Congress.  |b Senate.  |b Committee on Foreign Relations. 
245 1 0 |a Enterprise for the Americas Initiative, S. 3064 :  |b hearing before the Committee on Foreign Relations, United States Senate, One Hundred First Congress, second session, September 27, 1990. 
264 1 |a Washington :  |b U.S. G.P.O.,  |c 1991. 
300 |a 1 online resource. 
336 |a text  |b txt  |2 rdacontent 
337 |a computer  |b c  |2 rdamedia 
338 |a online resource  |b cr  |2 rdacarrier 
490 1 |a S. hrg. ;  |v 101-1123 
500 |a Record is based on bibliographic data in ProQuest Congressional Hearings Digital Collection. Reuse except for individual research requires license from ProQuest, LLC. 
538 |a System requirements: PDF reader software. 
500 |a Electronic resource. 
650 0 |a Economic assistance, American  |z Latin America. 
655 7 |a Electronic books.  |2 local 
710 2 |a ProQuest (Firm) 
776 0 8 |i Print version:  |a United States. Congress. Senate. Committee on Foreign Relations.  |t Enterprise for the Americas Initiative, S. 3064  |w (DGPO)91069185  |w (OCoLC)23238901 
776 0 8 |i Microfiche version:  |a United States. Congress. Senate. Committee on Foreign Relations.  |t Enterprise for the Americas Initiative, S. 3064.  |d [Bethesda, Md.] : ProQuest,[2004]  |o CIS 91 S381-20  |w (ProQuest)cis09102351 
810 1 |a United States.  |b Congress.  |b Senate.  |t S. hrg. ;  |v 101-1123. 
830 0 |a U.S. Congressional Hearings. 
856 4 0 |u http://proxy.library.tamu.edu/login?url=https://congressional.proquest.com/congcomp/getdoc?HEARING-ID=HRG-1990-FOR-0020  |z Connect to the full text of this electronic book  |t 0 
998 |a cis09102351 
999 |a MARS 
999 f f |s afaea623-b554-3d63-aa8d-61d5fa008a34  |i 9214cbd8-1e68-3c02-956b-b67d93fc6b16  |t 0 
952 f f |a Texas A&M University  |b College Station  |c Electronic Resources  |s www_evans  |d Available Online  |t 0  |e HRG-1990-FOR-0020  |h Other scheme 
998 f f |a HRG-1990-FOR-0020  |t 0  |l Available Online